Digital Logic Design (Record no. 188001)

MARC details
000 -LEADER
fixed length control field 00489nam a2200205Ia 4500
008 - FIXED-LENGTH DATA ELEMENTS--GENERAL INFORMATION
fixed length control field 240823s9999||||xx |||||||||||||| ||und||
020 ## - INTERNATIONAL STANDARD BOOK NUMBER
International Standard Book Number 978-81-312-0062-9
082 ## - DEWEY DECIMAL CLASSIFICATION NUMBER
-- 621.38153 P8
100 ## - MAIN ENTRY--PERSONAL NAME
Personal name Holdsworth B
245 #0 - TITLE STATEMENT
Title Digital Logic Design
250 ## - EDITION STATEMENT
Edition statement 4th
260 ## - PUBLICATION, DISTRIBUTION, ETC. (IMPRINT)
Date of publication, distribution, etc 2008
Name of publisher, distributor, etc "Newnes Technical Books,London"
500 ## - GENERAL NOTE
General note YES
650 ## - SUBJECT ADDED ENTRY--TOPICAL TERM
Topical term or geographic name as entry element Digital
700 ## - ADDED ENTRY--PERSONAL NAME
Personal name Woods R C
942 ## - ADDED ENTRY ELEMENTS (KOHA)
Item type Books
Holdings
Withdrawn status Lost status Damaged status Permanent location Current location Date acquired Source of acquisition Cost, normal purchase price Full call number Barcode Date last seen Koha item type
      CENTRAL LIBRARY, NOORUL ISLAM CENTRE FOR HIGHER EDUCATION CENTRAL LIBRARY, NOORUL ISLAM CENTRE FOR HIGHER EDUCATION 09/17/2011 Tamil Nadu Book House 595.00 621.38153 P8 40465 08/23/2024 Books
Visitors:
Copyright © 2024 Central Library NICHE.  All rights reserved.